000 00550nam a2200193Ia 4500
003 GCL
008 140319s9999 xx 000 0 eng d
040 _aGCL /
_cGCL
082 0 4 _a005.754
_bL O
100 1 _aLICHY, TOM
245 1 0 _aTHE OFFICIAL AMERICA ON LINE FOR MACINTOSH MEMEBERSHIP KIT AND TOUR GUIDE /
_cLICHY, TOM
260 _a[S.N] :
_bVENTANA COMMUNICATION ،
_c1997
300 _a735 P
650 0 4 _aINTERNATIONAL LAW
650 0 4 _aINTERNET
650 0 4 _aCOMPUTER - PROPGRAMME
650 0 4 _aCOMPUTER - NETWORKS
942 _2ddc
_cBK
999 _c16139
_d16139